000 00421 a2200157 4500
020 _a9788176565547
082 _a005.133
090 _c7004
_d7004
100 _aKanetkar, Yashavant P
245 _aTest your C++ skills
_cYashavant P Kanetkar
260 _aNew Delhi
_bBPB Publications
_c2010
300 _a389 p.
650 _aC++ --Computer program language
700 _aYashavant P Kanetkar
942 _cBK
_k005.133 KAN
999 _c10813
_d10813